| 000 | 00912nam a2200241 i 4500 | ||
|---|---|---|---|
| 001 | 82517 | ||
| 003 | ES-MaACL | ||
| 005 | 20250830110432.0 | ||
| 007 | t| | ||
| 008 | 041110s1964 sp ||||1| spa d | ||
| 110 | 1 |
_aEstados Unidos. _bWarren Commission _9163582 |
|
| 245 | 1 | 0 |
_aInforme Warren / _c[Traducción, José Casán Herrera] Un asesinato que desplaza a la juventud de la dirección del mundo [Texto, Antonio C. Gavaldá] Diario de Oswald [Traducción, Vicente Santiago]. |
| 260 |
_aBarcelona : _bMateu, _c1964. |
||
| 300 |
_a323 p., 28 lám. ; _c19 cm. |
||
| 490 | 1 | _aDiapasón | |
| 600 | 0 | 4 |
_aKennedy, John F., _d1917-1963 _9239598 |
| 700 | 1 |
_aCasán Herrera, José. _936086 |
|
| 700 | 1 |
_aCunillera, Antonio. _942180 |
|
| 700 | 1 |
_aOswald, Lee Harvey . _9163583 |
|
| 830 | 0 |
_aDiapasón _9187612 |
|
| 852 |
_aES-MaACL _jF-9868 _bR.55590 |
||
| 999 |
_c82517 _d82517 |
||